000
00311nam a22001337a 4500
020
_q
HB.
040
_c
FIZZA ISHAQ
082
_a
005.71
_b
HEN
100
_a
PAN, HENG.
_9
87433
245
_a
SNMP BASED ATM NETWORK /
_c
HENG PAN.
260
_a
NEW YORK :
_b
CANTON,
_c
1998.
300
_a
390 P. ;
942
_2
ddc
_c
BK
999
_c
587517
_d
587517